000 00955nam a22002412a 4500
001 32958
003 BD-RjUL
005 20211209051925.0
008 860101s1961 xx 001 0 engxd
035 _a(BD-RjUL)33048
040 _aOSU
_cOSU
_dEQO
_dBD-RjUL
_beng
041 _aeng
082 _a340.59
_bHAM 1961
100 1 _aHamidullah, Muhammad.
_9100178
245 1 0 _aMuslim conduct of state :
_bbeing a treatise on Siyar ..., that is, Islamic notion of public international law, consisting of the laws of peace, war, and neutrality, together with precedents from orthodox practices and preceded by a historical and general introduction. /
_cMuhammad Hamidullah
250 _a4th ed.,rev.and enl
260 _aLahore :
_bSh.Muhammad Ashraf,
_c1961.
300 _axi, 383 p. ;
_c22 cm
504 _aIncludes Bibliography: p.336-355 and index.
650 0 _aInternational law (Islamic law)
_9100179
942 _2ddc
_cBK
999 _c32958
_d32958